| 000 | 00345 a2200145 4500 | ||
|---|---|---|---|
| 005 | 20250516090808.0 | ||
| 020 | _a978-0-367-49184-0 | ||
| 082 | _a658.4 | ||
| 245 | _aEvents Management | ||
| 250 | _a4th Ed. | ||
| 260 |
_aNew York, _bRoutledge, _c2024. |
||
| 300 |
_axxxv,797p.; _bill.; _c25cm. |
||
| 700 | _aGLENN, A J, ALLEN, J | ||
| 942 |
_2ddc _cBKS |
||
| 999 |
_c2368 _d2368 |
||